1333 1198 1109 1065 1508 1555 1297 1184 1694 1691 1994 1726 1637 1375 1519 1619 1122 1884 1050 1148 1388 1825 1437 1760 1700 1632 1248 1777 1531 1127 1104 1904 1564 1460 1736 1173 1311 1810 1007 1879 1020 1400 1868 1154 1328 1449 1028 1661 1140 1206 1729 1000 1377 1788 1380 1090 1176 1669 1668 1443 1104 1429 1245 1725 1209 1261 1309 1978 1071 1069 1431 1851 1651 1651 1342 1314 1986 1580 1833 1616 1234 1981 1137 1229 1723 1660 1460 1761 1030 1430 1506 1820 1488 1723 1703 1363 1214 1481 1301 BCNSPRNW ULIB Ver.6.0+V

เปลี่ยนเป็นภาษาไทย

Change to English
 แสดงรายละเอียดบรรณานุกรม
  กลับหน้าหลัก

Brief Record : Get Marc (ISO 2709) : E-mail record : QR code < ปิดหน้าต่าง
LEADER : 00000nam 2200000uu 4500
001    13399128257
003     ULIB
008    220826s2564||||th 000 0 tha d
020 ^- ^a9786160627509
050 04 ^aนว^bฉ231ท
100 ^- ^aฉัตรฉาย
245 ^- ^aทิวาหลอมทราย ชุด ม่านรักฐานันดร/^cฉัตรฉาย
250    ^aพิมพ์ครั้งที่ 1
260 ^- ^aกรุงเทพฯ :^bแจ่มใส,^c2564
300 ^- ^a435 หน้า ;^c21 ซม.
650 ^4 ^aนวนิยายไทย
945    ^p369^l0^i29453
999    ^aกัณชพร จุลอักษร
รายการนี้ยังไม่มีแท็ก
คุณยังไม่ได้ล็อกอิน คุณสามารถมีกิจกรรมร่วมกับเว็บไซต์ได้ แต่ต้องล็อกอินก่อน ::
  ล็อกอิน

รายการสื่อสารสนเทศ

ลำดับที่ ประเภท เลขเรียก/บาร์โค้ด สถานที่ สถานะ
1. วิทยาศาสตร์การแพทย์ และสุขภาพ
วิทยาศาสตร์การแพทย์ และสุขภาพ
นว ฉ231ท ฉ.1 
  Barcode: 29453
ห้องสมุดวิทยาเขตนครสวรรค์
►นวนิยาย:l:Fiction
บนชั้น

รายการใกล้เคียง
    ผู้แต่ง [ฉัตรฉาย]

    หัวเรื่อง [นวนิยายไทย]

BibComment


ยังไม่เคยถูกคอมเมนท์

คอมเมนท์ทรัพยากรรายการนี้
  คอมเมนท์: ทิวาหลอมทราย ชุด..


 Copyright 2026. Bcnsprnw @Library